00645 2200205 4500001002100000005001700021008004100038035002600079245001900105100001900124250000600143260007700149300006700226020002200293082000800315084001000323650007000333990001800403990001800421INLIS00000000000335520191230020225.0191230| ||| | ind  a 0010-12190000000335500cSamsul Bachari0 aSamsul Bachari a1 aUnggul Permana Selaras : JakartabUnggul Permana Selaras : Jakartac2008 a150 hlm, Angkasa Pura II 2017 ;c150 hlm, Angkasa Pura II 2017 a978-979-17089-2-00 a900 a910,1 0aGeografi Untuk Kehidupan Seri Negara - Negara dan Budayanya 910.1 aB201803068400 aB201803068401